| Поле | Название | Значение |
| |
Тип записи |
i |
| |
Библиографический уровень |
m |
| 001 |
Контрольный номер |
RU/IS/BASE/481973153 |
| 005 |
Дата корректировки |
20241022093935.1 |
| 010 |
Индекс ISBN |
__ |
| d |
Цена |
275-40 |
| 100 |
Данные общей обработки |
__ |
| a |
Данные общей обработки |
19150410d2014||||||| 0rusy0189 ca |
| 101 |
Язык документа |
1_ |
| a |
Язык текста |
rus |
| c |
Язык оригинала |
nnn |
| 102 |
Страна публикации |
__ |
| a |
Страна публикации |
ru |
| 105 |
Кодированные данные (монография) |
__ |
| a |
Кодированные данные (монография) |
an|||||||f|zy |
| 127 |
Кодированные данные (звукозаписи-физические характеристики) |
__ |
| a |
Продолжительность проигрывания |
5 ч 45 мин |
| 200 |
Заглавие и сведения об ответственности |
1_ |
| a |
Заглавие |
Океан в конце дороги |
| e |
Сведения, относящиеся к заглавию |
[аудиокнига : 12+] |
| f |
Первые сведения об ответственности |
Нил Гейман ; [перевод В. Нуриева ; читает С. Мендельсон] |
| b |
Общее обозначение материала |
Звукозапись |
| 210 |
Выходные данные |
__ |
| a |
Место издания |
Москва |
| c |
Издательство |
Аудиокнига |
| d |
Дата издания |
2014 |
| 215 |
Физическое описание |
__ |
| a |
Объем |
1 электрон. опт. диск (Audio CD) |
| c |
Иллюстрации/тип воспроизводства |
mp3 |
| d |
Формат |
12х14 см |
| 230 |
Специфическая характеристика материала: электронные ресурсы |
__ |
| a |
Обозначение и объем ресурса |
Электронные звуковые данные |
| 323 |
Примечание о главных создателях, исполнителях, участниках |
__ |
| a |
Примечание о главных создателях, исполнителях, участниках |
Мендельсон, С. (читает) |
| 330 |
Аннотация |
__ |
| a |
Аннотация |
Захватывающая сказка-миф от знаменитого автора "Сыновей Ананси" и "Американских богов". Блестяще рассказанная история одинокого "книжного" мальчика, имени которого вы так и не узнаете, но в котором безошибочно угадываются черты самого Нила Геймана. Проживя со взрослым - сорокалетним - героем несколько страниц, вы провалитесь в его детство... Детство ведь само по себе - совершенно особое состояние и сознания, и мира, когда граница между привычной реальностью и иными ее пластами так тонка, что порой видно, как за туманной завесой, с возрастом уплотняющейся, видны порой тени очень странных и страшных существ. Это повествование, меняющее очертания современного фэнтези: подвижное, пугающее и элегическое - чистое как мечта, хрупкое как крыло бабочки, опасное как нож из тьмы, в руках такого гениального рассказчика как Нил Гейман. |
| 333 |
Примечание о целевом назначении |
__ |
| a |
Примечание о целевом назначении |
12+. Для детей старше 12 лет |
| 337 |
Примечание о системных требованиях (электронные ресурсы) |
__ |
| a |
Примечание о системных требованиях (электронные ресурсы) |
Системные требования: CD-плеер с поддержкой MP3, или Pentium-233 c Windows 9x-XP ; CD-ROM ; звуковая карта |
| 606 |
Тематические рубрики |
__ |
| a |
Основная рубрика |
Художественная литература |
| 606 |
Тематические рубрики |
__ |
| a |
Основная рубрика |
Литература Европы (произведения) |
| y |
Географическая подрубрика |
Англия |
| y |
Географическая подрубрика |
Великобритания |
| 610 |
Ключевые слова |
__ |
| a |
Ключевые слова |
английская литература |
| a |
Ключевые слова |
детская литература |
| a |
Ключевые слова |
зарубежная литература |
| a |
Ключевые слова |
иностранная литература |
| a |
Ключевые слова |
подростковая литература |
| a |
Ключевые слова |
сказки |
| a |
Ключевые слова |
тема взаимоотношений с детьми |
| a |
Ключевые слова |
тема детей |
| a |
Ключевые слова |
тема детских впечатлений |
| a |
Ключевые слова |
тема детства |
| a |
Ключевые слова |
тема родителей |
| a |
Ключевые слова |
тема фантазий |
| a |
Ключевые слова |
фантастика |
| a |
Ключевые слова |
фантастическая литература |
| a |
Ключевые слова |
фэнтези |
| a |
Ключевые слова |
фэнтези |
| 686 |
Индексы других классификаций |
__ |
| 2 |
Код системы |
rubbks |
| a |
Классификационный индекс |
84(4Вел)6-4я04 |
| 700 |
Автор |
_1 |
| a |
Фамилия |
Гейман |
| b |
Имя |
Н. |
| f |
Даты |
1960- |
| g |
Полное личное имя |
Нил |
| 4 |
Код отношения |
070 |
| 702 |
Вторичная интеллектуальная ответственность |
_1 |
| a |
Фамилия |
Нуриев |
| b |
Имя |
В. |
| 4 |
Код отношения |
Переводчик |
| 4 |
Код отношения |
730 |
| 801 |
Источник записи |
_0 |
| a |
Страна |
ru |
| b |
Организация |
Муниципальное бюджетное учреждение культуры "Централизованная библиотечная система" г. Сургут (Центральная городская библиотека им. А. С. Пушкина) |
| c |
Дата составления |
20150410 |
| g |
Правила каталогизации |
КиК/Апакова |
| 801 |
Источник записи |
_1 |
| a |
Страна |
ru |
| b |
Организация |
Муниципальное бюджетное учреждение культуры "Централизованная библиотечная система" г. Сургут (Центральная городская библиотека им. А. С. Пушкина) |
| c |
Дата составления |
20150410 |
| g |
Правила каталогизации |
КиК/Апакова |
| 852 |
Данные о местонахождении |
__ |
| j |
Шифр хранения |
84(4Вел)6-4я04 |
| i |
Авторский знак |
Г 29 |
| 901 |
Тип документа |
__ |
| t |
Тип документа |
0 |
| 903 |
Характеристики (МАРС) |
__ |
| a |
Дата передачи |
20150410 |
| 969 |
Тип издания |
__ |
| a |
Тип издания |
аудиокнига; издание для слепых |
| 990 |
Данные о заказе (DOS) |
__ |
| j |
Количество экземпляров (DOS) |
6 |
| t |
N записи в КСУ для И/У (DOS) |
201504 |